000 00760nam a2200217Ia 4500
001 10102
003 GE_BSU
008 181216s||||||||xx |||||||||||||| ||und||
040 _cGE_BSU
080 _a821.353.1+821.353.1-32+821.353.1-31
100 _aსულიაშვილი,დავით
245 _aთხზულებანი სამ ტომად. ტ.2
245 _cრედ.ო.ნოდია. მხატვ.ლ.ცუცქირიძე
260 _aთბილისი
260 _bმერანი
260 _c1974
300 _a538გვ.21სმ.
653 _aთხზულებანი სამ ტომად.
653 _aმოთხრობები და რომანები
942 _cBK
999 _c43374
_d43374